日本の半島 - Statistics

General Stats
  • This quiz has been taken 129 times
  • The average score is 24 of 85
Answer Stats
Answer % Correct
石川県 能登半島
91%
秋田県 男鹿半島
89%
静岡県 伊豆半島
87%
知床半島
86%
房総半島
86%
津軽半島
84%
神奈川県 三浦半島
84%
三浦半島
84%
知多半島
77%
青森県 下北半島
75%
愛知県 渥美半島
71%
和歌山県 紀伊半島
70%
北海道 根室半島
69%
三重県 志摩半島
68%
鹿児島県 薩摩半島
65%
大分県 国東半島
64%
大隅半島
64%
渡島半島
63%
積丹半島
62%
牡鹿半島
58%
島原半島
57%
京都府 丹後半島
53%
野付半島
50%
千葉県 銚子半島
47%
松前半島
40%
真鶴半島
38%
長崎半島
37%
佐田岬半島
36%
島根県 島根半島
33%
福井県 敦賀半島
30%
熊本県 宇土半島
29%
夏泊半島
28%
下関半島
26%
足摺半島
26%
亀田半島
24%
岡山県 児島半島
24%
西彼杵半島
24%
沖縄県 本部半島
24%
糸島半島
22%
佐賀関半島
22%
香川県 讃岐半島
15%
愛媛県 高縄半島
13%
大島半島
12%
福岡県 企救半島
12%
宮城県 唐桑半島
11%
佐賀県 東松浦半島
11%
三保半島
10%
重茂半島
9%
鳥取県 弓ヶ浜半島
9%
若松半島
9%
新潟県 小木半島
7%
長崎県 北松浦半島
7%
絵鞆半島
4%
滋賀県 烏丸半島
4%
山口県 向津具半島
4%
由良半島
4%
広島県 沼隈半島
3%
荘内半島
3%
鶴見半島
3%
知念半島
3%
常神半島
2%
大浦半島
2%
大浦半島
2%
室津半島
2%
高知県 横浪半島
2%
香焼半島
2%
富岡半島
2%
笠利半島
2%
与勝半島
2%
小泊半島
1%
岩手県 船越半島
1%
広田半島
1%
崎山半島
1%
内外海半島
1%
音海半島
1%
五味半島
1%
前島半島
1%
徳島県 那佐半島
1%
三都半島
1%
俵ヶ浦半島
1%
長目半島
1%
四浦半島
1%
宮崎県 遠見半島
1%
野間半島
1%
平久保半島
1%
No matching quizzes found
Score Distribution
Percent of People with Each Score
Percentile by Number Answered
Your Score History
You have not taken this quiz